000 00478nam a2200181Ia 4500
001 45584
008 140428s9999 xx 000 0 und d
020 _a9780670081585
040 _cPK-LaUMT
082 _a 954.04
_bYAS-G
100 _aYasmin Khan
245 4 _aThe great partition
_bthe making of India and Pakistan
_cYasmin Khan
260 _aNew Delhi,India:
_bPenguin,
_c2007
300 _a251 p.
546 _aEN
650 _aPartition-Pakistan and India
942 _cBK
999 _c43552
_d43552